[Event "AUTO-ELITE-1537"]
[Site "http://www.queenalice.com/game.php?id=1394620"]
[Date "2015.11.17"]
[Round "2"]
[White "pumamercedino"]
[Black "elcurazul"]
[Result "1/2-1/2"]
[WhiteElo "2411"]
[BlackElo "2452"]

1. c4 e5 2. Nc3 Nf6 3. g3 Nc6 4. Bg2 Bb4 5. Nf3 O-O 6. O-O Bxc3 7. bxc3 e4 8.
Ng5 Re8 9. d3 h6 10. Nxe4 Nxe4 11. Bxe4 d6 12. Rb1 Bh3 13. Re1 Qc8 14. Be3 Rxe4
15. dxe4 b6 16. c5 bxc5 17. Bf4 Bd7 18. h4 Qe8 19. Qd3 a5 20. Rb7 Rc8 21. Reb1
a4 22. f3 Na5 23. Ra7 Nc6 24. Rab7 Na5 25. Ra7 Nc6 26. Rab7 1/2-1/2

[Event "AUTO-ELITE-1537"]
[Site "http://www.queenalice.com/game.php?id=1394621"]
[Date "2015.11.17"]
[Round "2"]
[White "elcurazul"]
[Black "pumamercedino"]
[Result "1-0"]
[WhiteElo "2445"]
[BlackElo "2401"]

1. e4 e6 2. Nf3 d5 3. e5 c5 4. d4 Nc6 5. Bb5 Qb6 6. Nc3 cxd4 7. Nxd4 a6 8. Bxc6+
bxc6 9. O-O c5 10. Nf3 Ne7 11. Re1 Bd7 12. Ne2 Nc6 13. b3 Be7 14. Nf4 a5 15. c4
d4 16. Nh5 Kf8 17. Nh4 h6 18. Qg4 Rh7 19. Nf3 Kg8 20. Bxh6 1-0

[Event "AUTO-ELITE-1538"]
[Site "http://www.queenalice.com/game.php?id=1398970"]
[Date "2015.12.15"]
[Round "2"]
[White "TigranPetrosian"]
[Black "elcurazul"]
[Result "1/2-1/2"]
[WhiteElo "2427"]
[BlackElo "2451"]

1. c4 c5 2. Nc3 Nc6 3. g3 Nf6 4. Bg2 e5 5. a3 Bd6 6. Nf3 O-O 7. O-O b6 8. d3 Bb7
9. Nh4 g6 10. Bg5 Be7 11. Nf3 Rb8 12. e3 Ng4 13. Bxe7 Qxe7 14. h3 Nf6 15. Nd2
Nd8 16. Bxb7 Rxb7 17. Qf3 d6 18. b4 Ne6 19. h4 Kg7 20. Rfd1 Rd7 21. Kg2 Nc7 22.
Nde4 Nfe8 23. Nd2 Nf6 24. Nde4 Nfe8 25. Nd2 Nf6 1/2-1/2

[Event "AUTO-ELITE-1538"]
[Site "http://www.queenalice.com/game.php?id=1398971"]
[Date "2015.12.15"]
[Round "2"]
[White "elcurazul"]
[Black "TigranPetrosian"]
[Result "0-1"]
[WhiteElo "2451"]
[BlackElo "2438"]

1. e4 e6 2. d4 d5 3. Nc3 Bb4 4. Nf3 dxe4 5. Nd2 Qxd4 6. a3 Bxc3 7. bxc3 Qxc3 8.
Rb1 Nf6 9. Rb4 Nc6 10. Bb2 Qc5 11. Bxf6 gxf6 12. Nxe4 Qe5 13. Bb5 a5 14. f4 Qxf4
15. Rc4 Ke7 16. Bxc6 bxc6 17. Qf3 Qxf3 18. gxf3 f5 19. Nd2 Ra6 20. Rg1 Rb6 21.
Nb3 Ba6 22. Ra4 Rd8 23. Rxa5 Bd3 24. Kd2 Be4+ 25. Kc3 Bxf3 26. Ra7 Rc8 27. a4
Bd5 28. Nc5 e5 29. Rg5 Be6 30. Rh5 Rb1 31. Rxh7 f4 0-1

[Event "Challenge"]
[Site "http://www.queenalice.com/game.php?id=1408675"]
[Date "2016.2.10"]
[Round "-"]
[White "elcurazul"]
[Black "mmagari"]
[Result "0-1"]
[WhiteElo "2451"]
[BlackElo "2352"]

1. e4 g6 2. d4 Bg7 3. Nf3 d6 4. Nc3 Nd7 5. Bc4 e6 6. O-O Ne7 7. Bf4 h6 8. Re1 b6
9. Qd2 g5 10. Be3 Ng6 11. d5 e5 12. Qd1 O-O 13. a4 a6 14. Nd2 Qe8 15. f3 f5 16.
exf5 Rxf5 17. Nde4 Rf8 18. b3 Nf4 19. Rf1 Nc5 20. Qd2 Nxe4 21. fxe4 Qg6 22. Bd3
Bg4 23. a5 b5 24. Na2 h5 25. Nb4 Rf7 26. Rf2 Bd7 27. Raf1 Bh6 28. Kh1 h4 29.
Bxf4 gxf4 30. h3 Rg7 31. Qe2 Qg5 32. c4 bxc4 33. Bxc4 Be8 34. Qc2 Qg3 35. Rf3
Qg5 36. Nxa6 Bh5 37. b4 Kh7 38. R1f2 Qxg2+ 39. Rxg2 Bxf3 40. Bf1 Rag8 41. Nxc7
Bxg2+ 42. Qxg2 Rxg2 43. Bxg2 Rc8 44. Nb5 Rc4 45. Nxd6 Rxb4 46. Bf3 Kg6 47. a6
Ra4 48. Be2 Bf8 49. Nb7 Kf6 50. Kg2 Rxe4 51. Kf2 Ra4 52. d6 Ra2 53. d7 Be7 54.
d8=Q Bxd8 55. Nxd8 e4 56. Ke1 f3 57. Bc4 Ra4 58. Bb5 Ra5 0-1

[Event "AUTO-ELITE-1562"]
[Site "http://www.queenalice.com/game.php?id=1413429"]
[Date "2016.3.13"]
[Round "2"]
[White "grotegeest"]
[Black "elcurazul"]
[Result "1/2-1/2"]
[WhiteElo "2655"]
[BlackElo "2443"]

1. e4 c5 2. Nf3 Nc6 3. d4 cxd4 4. Nxd4 Nf6 5. Nc3 e5 6. Ndb5 d6 7. Bg5 a6 8. Na3
Be7 9. Nc4 O-O 10. Bxf6 Bxf6 11. Qxd6 Be6 12. Nd5 Bxd5 13. exd5 Ne7 14. Rd1 Rc8
15. Qb4 b5 16. Ne3 Bg5 17. d6 Nc6 18. Qd2 Nd4 19. c3 Bxe3 20. fxe3 Nf5 21. Bd3
e4 22. Bc2 Qb6 23. Bxe4 Nxd6 24. Qd4 Rb8 25. Bd5 Nc4 26. Bxc4 bxc4 27. Rd2 Qe6
28. O-O h5 29. h3 Rb5 30. Rf4 Rfb8 31. Qxc4 Qxc4 32. Rxc4 Rxb2 33. Rxb2 Rxb2 34.
Ra4 Re2 35. Rxa6 Rxe3 36. Ra3 Kf8 37. Kf2 Rd3 38. Ke2 Rg3 1/2-1/2

[Event "AUTO-ELITE-1562"]
[Site "http://www.queenalice.com/game.php?id=1413430"]
[Date "2016.3.13"]
[Round "2"]
[White "elcurazul"]
[Black "grotegeest"]
[Result "1/2-1/2"]
[WhiteElo "2436"]
[BlackElo "2660"]

1. e4 c5 2. Nf3 d6 3. d4 cxd4 4. Nxd4 Nf6 5. Nc3 g6 6. Be3 Bg7 7. Bb5+ Bd7 8.
Be2 Nc6 9. O-O O-O 10. f4 Qb6 11. e5 dxe5 12. fxe5 Nxe5 13. Nf5 Qxb2 14. Nxe7+
Kh8 15. Bd4 Qb4 16. Bxe5 Qxe7 17. Qd4 Ne8 18. Bxg7+ Nxg7 19. Bf3 Be6 20. Rfb1
Rfd8 21. Nd5 Bxd5 22. Bxd5 Rd7 23. c4 Kg8 24. Re1 Qg5 25. Qf2 Nf5 26. Rab1 Nd6
27. h4 Qh6 28. Re5 Rad8 29. Rbe1 b6 30. h5 Qg7 31. Qh4 Rc8 32. R1e3 a6 1/2-1/2

[Event "AUTO-ELITE-1726"]
[Site "http://www.queenalice.com/game.php?id=1437961"]
[Date "2016.8.27"]
[Round "1"]
[White "NatanEstivallet"]
[Black "elcurazul"]
[Result "1-0"]
[WhiteElo "2521"]
[BlackElo "2440"]

1. d4 d5 2. c4 e6 3. Nc3 Nf6 4. Bg5 Be7 5. Nf3 h6 6. Bh4 a6 7. e3 O-O 8. cxd5
exd5 9. Bd3 Be6 10. O-O Nbd7 11. Rc1 c6 12. h3 Bd6 13. Ne2 Rc8 14. Bg3 Ne4 15.
Bxd6 Nxd6 16. Ng3 Qa5 17. a3 Qc7 18. Qc2 Qd8 19. Rfd1 Re8 20. b3 Ra8 21. a4 a5
22. Nh5 Nf6 23. Nf4 Nfe4 24. Ne5 Bf5 25. Re1 Bh7 26. f3 Ng5 27. Bxh7+ Nxh7 28.
Qf2 Ng5 29. Ned3 Ne6 30. Nxe6 Rxe6 31. Nc5 Re7 32. Re2 Qb6 33. Qg3 Rd8 34. Qh4
f6 35. Qg3 Qb4 36. Qe1 Qxe1+ 37. Rcxe1 Kf7 38. Nd3 g5 39. Kf2 h5 40. h4 gxh4 41.
Nf4 Rh8 42. e4 dxe4 43. fxe4 f5 44. Ng6 Kxg6 45. exf5+ 1-0

[Event "AUTO-ELITE-1726"]
[Site "http://www.queenalice.com/game.php?id=1437962"]
[Date "2016.8.27"]
[Round "1"]
[White "elcurazul"]
[Black "NatanEstivallet"]
[Result "0-1"]
[WhiteElo "2447"]
[BlackElo "2514"]

1. e4 c5 2. Nf3 d6 3. d4 cxd4 4. Bb5+ Bd7 5. Bxd7+ Nxd7 6. Qxd4 Ngf6 7. Nc3 g6
8. O-O Bg7 9. Bg5 O-O 10. Rfe1 Ng4 11. Qd2 h6 12. Bf4 Rc8 13. h3 Nge5 14. Nxe5
Nxe5 15. Bxh6 Nc4 16. Qg5 Nxb2 17. Nd5 Bxh6 18. Qxh6 e6 19. Ne3 Qf6 20. Rab1 Nc4
21. Ng4 Qg7 22. Qh4 Qh8 23. Qxh8+ Kxh8 24. Rxb7 a5 25. Rd1 Kg7 26. Kf1 Rb8 27.
Rc7 Rfc8 28. Rxc8 Rxc8 29. Ke2 f5 30. exf5 gxf5 31. Ne3 d5 32. Nxc4 Rxc4 33. Kd3
Ra4 34. Ra1 Kf6 35. c3 e5 36. Kd2 f4 37. g3 Kf5 38. Kc2 f3 39. a3 Rc4 40. Kd2 e4
41. Rb1 Ra4 42. Rb3 Ke5 43. h4 Kf5 44. h5 Kg5 45. g4 d4 0-1

[Event "AUTO-ELITE-1726"]
[Site "http://www.queenalice.com/game.php?id=1437967"]
[Date "2016.8.27"]
[Round "1"]
[White "rheenz"]
[Black "elcurazul"]
[Result "1-0"]
[WhiteElo "2569"]
[BlackElo "2441"]

1. e4 e5 2. Nf3 Nc6 3. Bb5 a6 4. Bxc6 dxc6 5. O-O Be6 6. d4 exd4 7. Nxd4 Qf6 8.
Nxe6 Qxe6 9. Nc3 Bd6 10. f4 Bc5+ 11. Kh1 Nf6 12. e5 Ng4 13. Ne4 Ba7 14. Qe2 h5
15. f5 Qd5 16. Bg5 Be3 17. Bxe3 Qxe5 18. Bf4 Qe7 19. h3 O-O-O 20. Nd6+ Kd7 21.
Qxe7+ Kxe7 22. Rae1+ Kf8 23. Nxb7 Rb8 24. Nc5 Nf6 25. Be5 Rc8 26. Bxf6 gxf6 27.
Rf3 1-0

[Event "AUTO-ELITE-1726"]
[Site "http://www.queenalice.com/game.php?id=1437968"]
[Date "2016.8.27"]
[Round "1"]
[White "elcurazul"]
[Black "rheenz"]
[Result "1/2-1/2"]
[WhiteElo "2440"]
[BlackElo "2574"]

1. e4 e5 2. Nf3 Nc6 3. Bb5 Nf6 4. O-O Nxe4 5. d4 Nd6 6. Bxc6 dxc6 7. dxe5 Nf5 8.
Qxd8+ Kxd8 9. Nc3 Ke8 10. b3 Be7 11. Rd1 Be6 12. g3 Bb4 13. Bb2 Bxc3 14. Bxc3 b6
15. Ng5 Bd5 16. f3 h6 17. Ne4 Ke7 18. Rd3 Rhd8 19. Rad1 a5 20. Kf2 a4 21. R3d2
axb3 22. axb3 Ke8 23. h4 h5 24. Ng5 Be6 25. Rxd8+ Rxd8 26. Rxd8+ Kxd8 27. Nxe6+
fxe6 28. b4 Kd7 29. Bd2 c5 30. bxc5 bxc5 31. c4 Ke8 32. Ba5 Kd8 33. Bc3 Kd7 34.
Ba1 Ne7 35. Ke3 Nc8 36. Kf4 Nb6 37. Kg5 Nxc4 38. Kxh5 Ne3 39. f4 Ke7 40. Kg6 Kf8
41. h5 c4 42. Bb2 c5 43. h6 gxh6 44. Kf6 c3 45. Ba3 Nf1 46. g4 Nh2 47. g5 hxg5
48. fxg5 Kg8 49. Kxe6 Kg7 50. Kd5 Nf3 51. Bc1 Kf7 52. e6+ Ke7 53. g6 1/2-1/2

[Event "Challenge"]
[Site "http://www.queenalice.com/game.php?id=1464929"]
[Date "2017.2.16"]
[Round "-"]
[White "elcurazul"]
[Black "Albator007"]
[Result "0-1"]
[WhiteElo "2419"]
[BlackElo "2401"]

1. e4 e5 2. Nf3 Nc6 3. Bb5 a6 4. Bxc6 dxc6 5. O-O Ne7 6. Nxe5 Qd4 7. Qh5 g6 8.
Nf3 Qxe4 9. Qa5 Bg4 10. Qc3 Rg8 11. Ng5 Qf5 0-1

[Event "AUTO-ELITE-1808"]
[Site "http://www.queenalice.com/game.php?id=1470043"]
[Date "2017.3.23"]
[Round "1"]
[White "elcurazul"]
[Black "FabioDavid"]
[Result "1/2-1/2"]
[WhiteElo "2421"]
[BlackElo "2503"]

1. e4 c5 2. Nf3 d6 3. Nc3 Nc6 4. Bc4 g6 5. O-O Bg7 6. h3 Nf6 7. d3 O-O 8. a4 Bd7
9. Re1 a6 10. Bf4 Re8 11. e5 dxe5 12. Nxe5 e6 13. Nxd7 Qxd7 14. Bg5 b6 15. Qd2
Nd5 16. Nxd5 1/2-1/2

[Event "AUTO-ELITE-1808"]
[Site "http://www.queenalice.com/game.php?id=1470044"]
[Date "2017.3.23"]
[Round "1"]
[White "FabioDavid"]
[Black "elcurazul"]
[Result "0-1"]
[WhiteElo "2519"]
[BlackElo "2411"]

1. b3 e5 2. Bb2 Nc6 3. e3 d6 4. Bb5 Bd7 5. Ne2 a6 6. Bxc6 Bxc6 7. O-O Qg5 8. f3
O-O-O 9. Qe1 h5 10. h4 Qe7 11. d3 g5 12. hxg5 h4 13. e4 Qxg5 0-1

[Event "AUTO-ELITE-1808"]
[Site "http://www.queenalice.com/game.php?id=1470045"]
[Date "2017.3.23"]
[Round "1"]
[White "elcurazul"]
[Black "TigranPetrosian"]
[Result "1/2-1/2"]
[WhiteElo "2426"]
[BlackElo "2574"]

1. d4 Nf6 2. Nc3 e6 3. e4 d5 4. e5 Nfd7 5. Nf3 c5 6. Bg5 Qb6 7. a3 cxd4 8. Qxd4
Bc5 9. Qd2 Bxf2+ 10. Qxf2 Qxb2 11. Rc1 Qxc3+ 12. Bd2 Qxa3 13. Bd3 Nc6 14. O-O h6
15. Be3 Qe7 16. Qg3 g5 17. Qh3 Ncxe5 18. Nxe5 Nxe5 19. Bd4 f6 20. Qh5+ Kd8 21.
c4 Bd7 22. cxd5 exd5 23. Qd1 Qb4 24. Bf5 Ba4 25. Bc2 Bxc2 26. Rxc2 Qd6 27. Rc5
Nd7 28. Rf5 Nxc5 29. Rxd5 Qxd5 30. Bxf6+ Kc7 31. Qxd5 Kb6 32. Bxh8 Rxh8 33. Qd6+
Kb5 34. Qf6 Rg8 35. g4 a5 1/2-1/2

[Event "AUTO-ELITE-1808"]
[Site "http://www.queenalice.com/game.php?id=1470046"]
[Date "2017.3.23"]
[Round "1"]
[White "TigranPetrosian"]
[Black "elcurazul"]
[Result "1-0"]
[WhiteElo "2586"]
[BlackElo "2429"]

1. e4 e5 2. Nf3 Nc6 3. Bb5 Nf6 4. O-O Be7 5. Re1 Nd4 6. Nxd4 exd4 7. e5 Nd5 8.
Qf3 c6 9. Bc4 O-O 10. Bxd5 cxd5 11. Qxd5 d6 12. Qxd4 dxe5 13. Qxd8 Rxd8 14. Rxe5
Bf6 15. Re2 Bf5 16. d3 Rac8 17. Na3 a6 18. Rb1 Rd7 19. b3 b5 20. Kf1 Rdc7 21.
Bf4 Rxc2 22. Rxc2 Bxd3+ 23. Re2 b4 24. Rd1 Bxe2+ 25. Kxe2 bxa3 26. Rc1 Re8+ 27.
Kf3 Be7 28. Rc4 a5 29. Bd2 Ra8 30. Ra4 Rc8 31. Bxa5 f5 32. Rc4 Rxc4 33. bxc4 Kf7
34. Bb6 Ke6 35. Ke3 Kd7 36. f3 g5 37. g4 Bd6 38. gxf5 Bxh2 39. Ke4 h5 40. c5 g4
41. fxg4 hxg4 42. Kd5 Ke8 43. c6 1-0